000 00593nam a22001697a 4500
999 _c190980
_d190980
005 20220816170359.0
010 _aB-745319
020 _a9789353228101
_c195.00
035 _aB-745319
037 _bPrabhat Exam
245 _aIBPS CLERK Preliminary Examination 2021:
_b20 Practice Sets /
260 _aNew Delhi
_bPrabhat Exam
_c2021
270 _a4/19 Asaf Ali Road New Delhi
_bNew Delhi
_e110002
_k7827007777
_mprabhatbooks@gmail.com
300 _a211p.
_c28cm(pbk)
942 _2ddc
_cEN
_mIBP
_h000